| 000 | 00000nam##2200000za#4500 |
| 001 | 9.605294 |
| 003 | CaOODSP |
| 005 | 20240206145613 |
| 007 | cr ||||||||||| |
| 008 | 150406|2009||||xxc|||||o f|0| 0 fre|d |
| 040 | |aCaOODSP|bfre |
| 043 | |an-cn--- |
| 086 | 1 |aTU3-6/09-118F-PDF |
| 110 | 2 |aBureau de la sécurité des transports du Canada. |
| 245 | 10|aCollision en voie principale - Entre les trains no M30131-27 et no Q10131-27 du Canadien National, au point milliaire 104,32, subdivision Redditt à Jones (Ontario), le 28 juin 2009 |h[ressource électronique] |
| 260 | |aOttawa - Ontario : |bBureau de la sécurité des transports du Canada |c[2009]. |
| 300 | |a17p.|bill. en couleur, figures |
| 490 | 1 |aRapport d'enquête sur un accident ferroviaire |vR09W0118 |
| 590 | |a13-09-Supp|b2013-04-04 |
| 775 | 08|tMain-track train collision - Canadian National Train No. M30131-27 and Canadian National Train No. Q10131-27 Mile 104.32, Redditt Subdivision, Jones, Ontario, 28 June 2009 |w(CaOODSP)9.575910 |
| 830 | #0|aRapport d'enquête sur un accident ferroviaire ;|vR09W0118|w(CaOODSP)9.501252 |
| 856 | 40|ahttp://publications.gc.ca|qPDF|s706 Ko|uhttps://publications.gc.ca/collections/collection_2013/bst-tsb/TU3-6-09-118-fra.pdf|yR09W0118 |